Sports Quiz

Random Sports or MLB Quiz

Sports Subcategory Numbers Quiz Stats

Quiz Updated Jan 8, 2018

Challenge
Share
Tweet
Embed
Score 0/21 Timer 03:00
2 Plays Today
% Correct
1
92.2%
49
91.6%
76
89.6%
12
86.5%
16
86%
500
80.9%
15
78.9%
7
77.3%
110
73%
99
69.9%
5
68.1%
% Correct
0
64.7%
9
56.8%
20
49.3%
2
48%
30
41.9%
6
38.5%
18
35.9%
3
33.1%
4
32.4%
107
16.3%

You're not logged in!

Compare scores with friends on all Sporcle quizzes.
Join for Free
OR
Log In

You Might Also Like...

Show Comments

Extras

Top Quizzes Today


Score Distribution

Your Account Isn't Verified!

In order to create a playlist on Sporcle, you need to verify the email address you used during registration. Go to your Sporcle Settings to finish the process.

Report this User

Report this user for behavior that violates our Community Guidelines.

Details: